A Textbook of Power system Operation and Control (Record no. 71571)

000 -LEADER
fixed length control field 00684nam a22001937a 4500
003 - CONTROL NUMBER IDENTIFIER
control field NUST - PNEC
005 - DATE AND TIME OF LATEST TRANSACTION
control field 20170116181204.0
008 - FIXED-LENGTH DATA ELEMENTS--GENERAL INFORMATION
fixed length control field 160223b xxu||||| |||| 00| 0 eng d
020 ## - INTERNATIONAL STANDARD BOOK NUMBER
International Standard Book Number 9789350145388
040 ## - CATALOGING SOURCE
Transcribing agency LIBRARY
082 ## - DEWEY DECIMAL CLASSIFICATION NUMBER
Classification number 621.317 NIS
100 ## - MAIN ENTRY--PERSONAL NAME
9 (RLIN) 16589
Personal name Nisha, K.
245 ## - TITLE STATEMENT
Title A Textbook of Power system Operation and Control
Statement of responsibility, etc. K. Nisha
260 ## - PUBLICATION, DISTRIBUTION, ETC.
Place of publication, distribution, etc. New Delhi
Name of publisher, distributor, etc. S.K. Kataria & Sons
Date of publication, distribution, etc. c.2014
300 ## - PHYSICAL DESCRIPTION
Extent 312 p. :
650 ## - SUBJECT ADDED ENTRY--TOPICAL TERM
9 (RLIN) 16590
Topical term or geographic name entry element Electric power systems--Control
General subdivision EL / MIS
856 ## - ELECTRONIC LOCATION AND ACCESS
Uniform Resource Identifier <a href="http://www.amazon.com/Textbook-Power-System-Operation-Control/dp/9350145383/ref=sr_1_1?s=books&ie=UTF8&qid=1456201554&sr=1-1&keywords=9789350145388">http://www.amazon.com/Textbook-Power-System-Operation-Control/dp/9350145383/ref=sr_1_1?s=books&ie=UTF8&qid=1456201554&sr=1-1&keywords=9789350145388</a>
942 ## - ADDED ENTRY ELEMENTS (KOHA)
Source of classification or shelving scheme
Koha item type Book
Holdings
Withdrawn status Lost status Source of classification or shelving scheme Damaged status Not for loan Permanent Location Current Location Shelving location Date acquired Source of acquisition Cost, normal purchase price Total Checkouts Full call number Barcode Date last seen Cost, replacement price Price effective from Koha item type
          Pakistan Navy Engineering College (PNEC) Pakistan Navy Engineering College (PNEC)   12/03/2015 Royal Book Company / Lib Grant 374.00   621.317 NIS PNECLIB-032537 02/23/2016 374.00 12/03/2015 Book
© 2023 Central Library, National University of Sciences and Technology. All Rights Reserved.